000 00621nam a2200217Ii 4500
003 JO-AjNU
008 230606s9999||||xx |||||||||||||| ||und||
020 _a0-273-70364-8
040 _aJO-AjNU
_beng
_erda
_cJO-AjNU
041 _aeng
050 1 4 _aHF6535.E44 2006
100 3 _aElliott,Barry, Jamie Eilliott,
_eauthor
_96803
245 0 0 _aFinancial Accounting and Reporting
250 _a10th ed
264 3 1 _aLondon:prentice Hall , 2006
300 _a866p
336 _atext
_btxt
_2rdacontent
337 _aunmediated
_bn
_2rdamedia
338 _avolume
_bnc
_2rdacarrier
650 4 _aFinancial Accounting
_96804
999 _aE3544
_c3526
_d3526